00274pam a2200109 a 4500020000500000041000500005082001200010100001500022245008300037260003200120300001200152 c h a628.162 aSpeelaman. aHandbook of water and west water treatment plant operationshTextual Documents aLondon :bRC Press ,c2014. a873 pg.